000 01164pam a2200313 a 4500
001 2328
005 20240719092544.0
020 _a0027780147
020 _a9780689808388
040 _aDLC
_cDLC
_dDLC
_beng
050 0 0 _aPZ7.R982
_bHeb 1993
082 0 0 _a028
_220
100 1 _aRylant, Cynthia
245 1 0 _aHenry and Mudge and the wild wind :
_bthe twelfth book of their adventures /
_cstory by Cynthia Rylant ; pictures by Suçie Stevenson.
250 _aFirst Alladin Papervacks Edition, 1996
260 _aNew York :
_bBradbury Press ;
_aToronto :
_bMaxwell Macmillan Canada ;
_aNew York :
_bMaxwell Macmillan International,
_aNew York :
_bAladdin Paperbacks,
_c1993
300 _a40 pages :
_bIllustrations
_c23 cm
490 _aThe Henry and Mudge books
505 _aJ
520 _aHenry and his big dog Mudge try to keep busy inside the house during a thunderstorm.
521 _a490
_bLexile
521 _aJ
_bRaz-Plus
650 1 _aDogs
_vFiction.
650 1 _aThunderstorms
_vFiction.
650 1 _aFear
_vFiction.
700 1 _aStevenson, Suçie
_eillustrator
906 _a7
_bcbc
_corignew
_d1
_eocip
_f19
_gy-gencatlg
942 _2ddc
_cBK
_n0
999 _c2328
_d2328